Planning appeals (Record no. 115206)

MARC details
000 -LEADER
fixed length control field 00902cam a22002295a 4500
001 - CONTROL NUMBER
control field L158221
008 - FIXED-LENGTH DATA ELEMENTS--GENERAL INFORMATION
fixed length control field 141017s1982 xxk f 000 0 eng d
020 ## - INTERNATIONAL STANDARD BOOK NUMBER
International Standard Book Number 0900533174
035 ## - SYSTEM CONTROL NUMBER
System control number (Sirsi) u158221
041 0# - LANGUAGE CODE
Language code of text/sound track or separate title eng
110 2# - MAIN ENTRY--CORPORATE NAME
Corporate name or jurisdiction name as entry element Royal Institution of Chartered Surveyors. Scottish Branch. Planning and Development Division
9 (RLIN) 961
245 00 - TITLE STATEMENT
Title Planning appeals
Remainder of title a guide to practitioners
260 ## - PUBLICATION, DISTRIBUTION, ETC.
Place of publication, distribution, etc. Edinburgh
Name of publisher, distributor, etc. RICS
Date of publication, distribution, etc. 1982
300 ## - PHYSICAL DESCRIPTION
Extent 21p., 30cm
490 #0 - SERIES STATEMENT
Series statement Practice Note No 5 (Scotland)
520 ## - SUMMARY, ETC.
Summary, etc. Outlines the planning appeal process in Scotland from deciding to make an appeal, written representation, pre and post enquiry procedures. Provides guidance on planning appeals and the role of the chartered surveyor as the planning expert witness.
590 ## - LOCAL NOTE (RLIN)
Local note KA
650 24 - SUBJECT ADDED ENTRY--TOPICAL TERM
Topical term or geographic name entry element PLANNING APPEALS
651 #4 - SUBJECT ADDED ENTRY--GEOGRAPHIC NAME
Geographic name Scotland
690 ## - LOCAL SUBJECT ADDED ENTRY--TOPICAL TERM (OCLC, RLIN)
Topical term or geographic name as entry element Planning and development
9 (RLIN) 6259
942 ## - ADDED ENTRY ELEMENTS (KOHA)
Suppress in OPAC 0
Holdings
Withdrawn status Lost status Source of classification or shelving scheme Damaged status Not for loan Home library Current library Shelving location Date acquired Total Checkouts Full call number Barcode Date last seen Copy number Price effective from Koha item type
    Dewey Decimal Classification     London London Archive copy 17/10/2014   1982/59 30075169 06/08/2019 1 06/08/2019 Archive
    Dewey Decimal Classification     London London RICS Boxes 06/11/2014   1982/59 30075173 06/08/2019 1 06/08/2019 Book